000 00318nam a22001337a 4500
020 _a978-93-85916-62-5
082 _a823
_bOSC/R
100 _aWILDE, OSCAR
245 _aTHE REMARKABLE ROCKET
260 _aTHRISSUR
_bH & C PUBLISHING HOUSE
_c2016
300 _a24
650 _aCHILDRENS STORY BOOK
_zINDIA
942 _cBK
999 _c7066
_d7066